| 000 | 00000nam 2200000zi 4500 |
| 001 | 9.944554 |
| 003 | CaOODSP |
| 005 | 20250131145658 |
| 006 | m o d f |
| 007 | cr mn||||||||| |
| 008 | 241028e202411##oncab ob f000 0 fre d |
| 020 | |a9780660742120 |
| 040 | |aCaOODSP|bfre|erda|cCaOODSP |
| 043 | |an-cn-nf|aln----- |
| 045 | |ax6y2 |
| 086 | 1 |aFs70-6/2024-064F-PDF |
| 245 | 00|aÉvaluation du hareng de l'Atlantique dans les divisions 3KLPs de l'OPANO jusqu'en 2021. |
| 246 | 17|aHareng de l'Atlantique |
| 264 | 1|a[Ottawa] : |bSecrétariat canadien de consultation scientifique, |cnovembre 2024. |
| 264 | 4|c©2024 |
| 300 | |a1 ressource en ligne (22 pages) : |billustrations (principalement en couleur), cartes en couleur. |
| 336 | |atexte|btxt|2rdacontent/fre |
| 337 | |ainformatique|bc|2rdamedia/fre |
| 338 | |aressource en ligne|bcr|2rdacarrier/fre |
| 490 | 1 |aAvis scientifique, |x1919-5117 ; |v2024/064 |
| 500 | |aPublié aussi en anglais sous le titre : Assessment of Atlantic herring in NAFO Division 3KLPs to 2021. |
| 500 | |aTitre de depart. |
| 504 | |aComprend des références bibliographiques (page 21). |
| 650 | 6|aHareng|zTerre-Neuve-et-Labrador|zAtlantique, Côte de l'. |
| 650 | 6|aHareng|xPêche commerciale|zTerre-Neuve-et-Labrador|zAtlantique, Côte de l'. |
| 650 | 6|aRessources halieutiques|xÉvaluation|zTerre-Neuve-et-Labrador|zAtlantique, Côte de l'. |
| 710 | 2 |aSecrétariat canadien de consultation scientifique, |eorganisme de publication. |
| 710 | 1 |aCanada. |bMinistère des pêches et des océans. |bRégion de Terre-Neuve et du Labrador, |eorganisme de publication. |
| 775 | 08|tAssessment of Atlantic herring in NAFO Division 3KLPs to 2021.|w(CaOODSP)9.944553 |
| 830 | #0|aAvis scientifique (Secrétariat canadien de consultation scientifique)|v2024/064.|w(CaOODSP)9.502624 |
| 856 | 40|qPDF|s1.42 Mo|uhttps://publications.gc.ca/collections/collection_2025/mpo-dfo/fs70-6/Fs70-6-2024-064-fra.pdf |